Statistics for Najbolji strijelci HNL-a

Click here to take the quiz!

General Stats

  • This quiz has been taken 9 times
  • The average score is 10 of 32

Answer Stats

SezonaNajbolji StrijelacBroj golova% Correct
2022/23Marko Livaja19
100%
2021/22Marko Livaja28
100%
2006/07Eduardo Alves da Silva34
75%
2017/18El Arbi Hillel Soudani17
75%
2014/15Andrej Kramarić21
50%
2013/14Duje Čop22
50%
1995/96Igor Cvitanović19
50%
1996/97Igor Cvitanović20
50%
2018/19Mijo Caktaš19
50%
2020/21Ramón Miérez22
50%
2010/11Ivan Krstanović19
38%
2001/02Ivica Olić21
38%
2002/03Ivica Olić16
38%
1992.Ardian Kozniku12
25%
2009/10Davor Vugrinec18
25%
2008/09Mario Mandžukić16
25%
2016/17Márkó Futács18
25%
2019/20Antonio Mirko Čolak20
13%
2011/12Fatos Bećiraj15
13%
2015/16Ilija Nestorovski25
13%
2005/06Ivan Bošnjak22
13%
2012/13Leon Benko15
13%
1994/95Robert Špehar23
13%
2003/04Robert Špehar18
13%
2007/08Želimir Terkeš21
13%
1992/93Goran Vlaović23
0%
1993/94Goran Vlaović29
0%
1998/99Joško Popović21
0%
1997/98Mate Baturina19
0%
2004/05Tomislav Erceg17
0%
2000/01Tomo Šokota20
0%
1999/00Tomo Šokota21
0%

Score Distribution

Percentile by Number Answered

Percent of People with Each Score

Your Score History

You have not taken this quiz